[Event "Muensterland op"]
[Site "Senden GER"]
[Date "2006.10.14"]
[Round "9"]
[White "Karpatchev, Aleksandr"]
[Black "Porper, Edward"]
[Result "0-1"]
[WhiteElo "2515"]
[BlackElo "2462"]
[PlyCount "88"]
[EventDate "2006.10.07"]
[EventType "swiss"]
[EventRounds "9"]
[EventCountry "GER"]

1. e4 c6 2. d4 d5 3. Nc3 dxe4 4. Nxe4 Bf5 5. Ng3 Bg6 6. N1e2 e6 7. Nf4 Qc7 8.
c3 Bd6 9. Ngh5 Bxf4 10. Nxf4 Nf6 11. Nxg6 hxg6 12. g3 Nbd7 13. Bg2 Qa5 14. h3
Qa6 15. a4 O-O 16. a5 e5 17. Be3 Nd5 18. Qe2 Nxe3 19. fxe3 b5 20. O-O Rae8 21.
Qf3 Re6 22. Rf2 c5 23. Qg4 Nf6 24. Qh4 exd4 25. exd4 Qd6 26. dxc5 Qxc5 27. Qd4
Qe7 28. Rd2 Re8 29. Qf2 Qc7 30. Qf4 Re5 31. Qf2 Re3 32. Qf4 Qc5 33. Qd4 Qg5 34.
Qf4 Rxg3 35. Qxg5 Rxg5 36. Rad1 Kh7 37. Kh2 Re3 38. Rf2 Rge5 39. Rd6 g5 40. Ra6
g4 41. Rf4 gxh3 42. Bf3 Kg6 43. Rd6 Kg5 44. Rdd4 Rf5 0-1

[Event "Vienna op A"]
[Site "Vienna AUT"]
[Date "2006.07.29"]
[Round "1"]
[White "Herndlbauer, Martin"]
[Black "Porper, Edward"]
[Result "0-1"]
[WhiteElo "2126"]
[BlackElo "2479"]
[PlyCount "76"]
[EventDate "2006.07.29"]
[EventType "swiss"]
[EventRounds "9"]
[EventCountry "AUT"]
[Source "Mark Crowther"]
[SourceDate "2006.08.07"]

1. e4 c6 2. d4 d5 3. exd5 cxd5 4. c4 e6 5. Nc3 Nf6 6. Nf3 Bb4 7. Bd2 Nc6 8.
cxd5 Nxd5 9. Bd3 Nde7 10. O-O Nxd4 11. Nxd4 Qxd4 12. Nb5 Qxd3 13. Nc7+ Kd8 14.
Bxb4 Qxd1 15. Rfxd1+ Kxc7 16. Bxe7 Bd7 17. Rac1+ Bc6 18. b4 Rae8 19. Bd6+ Kb6
20. Bc5+ Ka6 21. a4 Bxa4 22. Ra1 Kb5 23. Rd7 b6 24. Rxa7 bxc5 25. Ra5+ Kc4 26.
Rxc5+ Kxb4 27. Rc7 Rb8 28. Rxf7 Bc6 29. Rxg7 Rhg8 30. Rc7 Rxg2+ 31. Kf1 Rg1+
32. Kxg1 Rg8+ 33. Kf1 Bb5+ 34. Ke1 Rg1+ 35. Kd2 Rxa1 36. Rxh7 Ra3 37. Rh4+ Bc4
38. f4 Rf3 0-1

[Event "Vienna op A"]
[Site "Vienna AUT"]
[Date "2006.07.30"]
[Round "2"]
[White "Porper, Edward"]
[Black "Riedner, Martin"]
[Result "1/2-1/2"]
[WhiteElo "2479"]
[BlackElo "2205"]
[PlyCount "135"]
[EventDate "2006.07.29"]
[EventType "swiss"]
[EventRounds "9"]
[EventCountry "AUT"]
[Source "Mark Crowther"]
[SourceDate "2006.08.07"]

1. d4 Nf6 2. c4 c5 3. d5 b5 4. cxb5 a6 5. bxa6 g6 6. Nc3 Bxa6 7. Nf3 d6 8. g3
Bg7 9. Bg2 Nbd7 10. O-O Nb6 11. Re1 O-O 12. e4 Nfd7 13. Qc2 Nc4 14. Rd1 Qa5 15.
Nd2 Na3 16. bxa3 Qxc3 17. Qxc3 Bxc3 18. Rb1 Rfb8 19. Rb3 Bg7 20. Bf1 Bxf1 21.
Kxf1 Ra4 22. f3 Kf8 23. Ke2 Rba8 24. Rb7 Ke8 25. Nb1 Rc4 26. Bb2 Rc2+ 27. Rd2
Rxb2 28. Rdxb2 Bxb2 29. Rxb2 f5 30. exf5 gxf5 31. Rb3 Nf6 32. Nc3 Kf7 33. a4
Ra7 34. Kd3 e6 35. dxe6+ Kxe6 36. Kc4 Ra5 37. Rb5 Ra6 38. a5 Nd7 39. f4 Nf6 40.
Na4 Ne4 41. Nb6 d5+ 42. Nxd5 Rc6 43. Nc3 Nd6+ 44. Kd3 Nxb5 45. Nxb5 Kd7 46. Kc4
Ra6 47. Kxc5 Rxa5 48. a3 Ra6 49. Kd5 Rh6 50. Nd4 Rxh2 51. Nxf5 Ra2 52. Ke5 Rxa3
53. Kf6 Ra6+ 54. Kg5 Ke6 55. Nh6 Ke7 56. f5 Ra5 57. g4 Rb5 58. Kh5 Rb1 59. g5
Rh1+ 60. Kg4 Rxh6 61. gxh6 Kf6 62. Kf4 Kf7 63. Ke5 Ke7 64. f6+ Kf7 65. Kf5 Kf8
66. Ke6 Ke8 67. f7+ Kf8 68. Kf6 1/2-1/2

[Event "Vienna op A"]
[Site "Vienna AUT"]
[Date "2006.07.31"]
[Round "3"]
[White "Kreindl, Helmut"]
[Black "Porper, Edward"]
[Result "0-1"]
[WhiteElo "2200"]
[BlackElo "2479"]
[PlyCount "122"]
[EventDate "2006.07.29"]
[EventType "swiss"]
[EventRounds "9"]
[EventCountry "AUT"]
[Source "Mark Crowther"]
[SourceDate "2006.08.07"]

1. d4 Nf6 2. Bg5 e6 3. Nf3 c5 4. c3 Qb6 5. Qb3 Ne4 6. e3 Nxg5 7. Nxg5 Qc7 8.
Nd2 Be7 9. Ngf3 b6 10. Rd1 Bb7 11. Bd3 Nc6 12. O-O O-O 13. Rfe1 d5 14. Bb1 c4
15. Qc2 f5 16. Kh1 Rf6 17. Rg1 Rh6 18. Nf1 Bd6 19. Qe2 Rf8 20. g3 Qe7 21. Rg2
Bc8 22. Ng1 Bd7 23. f4 Be8 24. Nf3 Bh5 25. N1d2 Nb8 26. Rdg1 Nd7 27. Qe1 Nf6
28. Ne5 Bxe5 29. dxe5 Ne4 30. Bxe4 dxe4 31. Nxc4 Bf3 32. Rf1 Bxg2+ 33. Kxg2 g5
34. Nd6 Rg6 35. Kf2 h5 36. Qe2 h4 37. Qh5 Kg7 38. Rh1 Rh8 39. Qd1 g4 40. Rg1
Rgh6 41. Nb5 hxg3+ 42. hxg3 Rh2+ 43. Rg2 Rh1 44. Qb3 Rb1 45. Nd4 Rhh1 46. Ke2
Qd7 47. Kd2 Kf7 48. Kc2 Rbc1+ 49. Kd2 Rcg1 50. Rxg1 Rxg1 51. Ke2 Rxg3 52. a4
Rg2+ 53. Kf1 Rd2 54. Ke1 Rh2 55. Kf1 g3 56. Kg1 Rd2 57. a5 bxa5 58. Kf1 Kg6 59.
Qb8 Kg7 60. Qb3 Kh7 61. Qb8 g2+ 0-1

[Event "Vienna op A"]
[Site "Vienna AUT"]
[Date "2006.08.01"]
[Round "4"]
[White "Porper, Edward"]
[Black "Ganaus, Hannes"]
[Result "0-1"]
[WhiteElo "2479"]
[BlackElo "2318"]
[PlyCount "70"]
[EventDate "2006.07.29"]
[EventType "swiss"]
[EventRounds "9"]
[EventCountry "AUT"]
[Source "Mark Crowther"]
[SourceDate "2006.08.07"]

1. d4 Nf6 2. c4 e6 3. Nc3 Bb4 4. a3 Bxc3+ 5. bxc3 c5 6. e3 O-O 7. Bd3 Nc6 8.
Ne2 b6 9. O-O Ba6 10. e4 Ne8 11. f4 f5 12. e5 d6 13. d5 Na5 14. dxe6 Qe7 15.
Ng3 g6 16. exd6 Nxd6 17. Re1 Rf6 18. Ra2 Rd8 19. Rd2 Rxe6 20. Rxe6 Qxe6 21. Be2
Bxc4 22. Bxc4 Naxc4 23. Re2 Qf7 24. Nf1 Re8 25. Rxe8+ Qxe8 26. Ng3 Qe6 27. h3
Kf7 28. Kh2 b5 29. Nf1 Ke7 30. Nd2 Nxd2 31. Qxd2 Ne4 32. Qe1 h5 33. Be3 Qc4 34.
Bf2 Ke6 35. Bh4 Qxc3 0-1

[Event "Vienna op A"]
[Site "Vienna AUT"]
[Date "2006.08.03"]
[Round "6"]
[White "Porper, Edward"]
[Black "Herbold, Manfred"]
[Result "1-0"]
[WhiteElo "2479"]
[BlackElo "2197"]
[PlyCount "85"]
[EventDate "2006.07.29"]
[EventType "swiss"]
[EventRounds "9"]
[EventCountry "AUT"]
[Source "Mark Crowther"]
[SourceDate "2006.08.07"]

1. d4 g6 2. c4 Bg7 3. Nc3 d6 4. e4 Nf6 5. Be2 O-O 6. Nf3 e5 7. d5 a5 8. Bg5 h6
9. Bh4 Qe8 10. Nd2 Nh7 11. O-O f5 12. exf5 gxf5 13. Bh5 Qd7 14. f4 e4 15. Nb3
c5 16. dxc6 bxc6 17. Na4 Qc7 18. c5 d5 19. Nd4 Na6 20. a3 Rb8 21. Rc1 Bf6 22.
Bxf6 Rxf6 23. Rc3 Nf8 24. Rg3+ Kh7 25. Qd2 Ne6 26. Nxf5 Qa7 27. Kh1 Naxc5 28.
Nxc5 Qxc5 29. Rc1 Qb6 30. h3 Qxb2 31. Qxb2 Rxb2 32. Rxc6 Rf8 33. Bg6+ Kh8 34.
Ne7 Nd4 35. Rxc8 Rxc8 36. Nxc8 Ne2 37. Rg4 h5 38. Bxh5 d4 39. Nd6 e3 40. Kh2
Nc1 41. f5 Kh7 42. Rxd4 Kh8 43. Rg4 1-0

[Event "Vienna op A"]
[Site "Vienna AUT"]
[Date "2006.08.05"]
[Round "8"]
[White "Porper, Edward"]
[Black "Gouliev, Namig"]
[Result "0-1"]
[WhiteElo "2479"]
[BlackElo "2543"]
[PlyCount "94"]
[EventDate "2006.07.29"]
[EventType "swiss"]
[EventRounds "9"]
[EventCountry "AUT"]
[Source "ChessBase"]
[SourceDate "2006.09.14"]

1. d4 d5 2. c4 dxc4 3. Nf3 e6 4. Nc3 c5 5. d5 exd5 6. Nxd5 Nf6 7. Nxf6+ Qxf6 8.
Bg5 Qb6 9. Qa4+ Nc6 10. O-O-O Be6 11. e4 Qb4 12. Qc2 Be7 13. Bxe7 Kxe7 14. a3
Qb3 15. Qxb3 cxb3 16. Bb5 Na5 17. Ng5 Rhd8 18. f4 Bg4 19. Rxd8 Rxd8 20. h3 Bc8
21. Be2 c4 22. Rd1 Rxd1+ 23. Kxd1 f6 24. Nf3 Kd6 25. Kd2 b5 26. Kc3 Kc5 27. Nd4
Nb7 28. Nxb5 Kxb5 29. Bxc4+ Kc5 30. Bxb3 Nd6 31. Bd5 Nb5+ 32. Kd3 a5 33. Bg8 h6
34. g4 Nd6 35. b4+ axb4 36. axb4+ Kxb4 37. e5 fxe5 38. fxe5 Nb5 39. Ke4 Kc5 40.
e6 Kd6 41. Kf5 Bxe6+ 42. Kg6 Bxg8 43. Kxg7 Be6 44. Kxh6 Ke7 45. Kg6 Nd6 46. h4
Bxg4 47. h5 Kf8 0-1

[Event "Vienna op A"]
[Site "Vienna AUT"]
[Date "2006.08.06"]
[Round "9"]
[White "Vonthron, Horst"]
[Black "Porper, Edward"]
[Result "1-0"]
[WhiteElo "2310"]
[BlackElo "2479"]
[PlyCount "97"]
[EventDate "2006.07.29"]
[EventType "swiss"]
[EventRounds "9"]
[EventCountry "AUT"]
[Source "Mark Crowther"]
[SourceDate "2006.08.07"]

1. e4 e6 2. d4 d5 3. Nc3 Bb4 4. e5 c5 5. a3 Bxc3+ 6. bxc3 Ne7 7. Nf3 b6 8. Bb5+
Bd7 9. Bd3 Ba4 10. O-O c4 11. Be2 h6 12. Nh4 Nbc6 13. f4 Qd7 14. g4 g6 15. f5
gxf5 16. gxf5 Nxf5 17. Nxf5 exf5 18. Rf2 O-O-O 19. Bf1 Ne7 20. Bh3 Qe6 21. Bf4
Rdg8+ 22. Kh1 h5 23. Qd2 Rg4 24. Bg5 Bd7 25. Raf1 Rg8 26. Bxg4 hxg4 27. Bf6 Rg6
28. Qf4 Kb7 29. Qg3 Ng8 30. Rxf5 Qxf5 31. Rxf5 Bxf5 32. Qf4 Be6 33. Bg5 Ka6 34.
Kg2 b5 35. Qc1 Kb7 36. Kg3 Kc6 37. Kf4 f6 38. exf6 Nxf6 39. Bxf6 Rxf6+ 40. Ke5
Rg6 41. Qf4 Bd7 42. Qf7 Rh6 43. Qxd5+ Kc7 44. Qc5+ Kb7 45. Qd5+ Kc7 46. Qg2
Rh5+ 47. Kf6 Rf5+ 48. Ke7 Rf3 49. Qe2 1-0

[Event "Classics GMA"]
[Site "Gausdal NOR"]
[Date "2006.04.23"]
[Round "1"]
[White "Karlsson, Lars"]
[Black "Porper, Edward"]
[Result "1/2-1/2"]
[WhiteElo "2506"]
[BlackElo "2469"]
[PlyCount "99"]
[EventDate "2006.04.23"]
[EventType "tourn"]
[EventRounds "9"]
[EventCountry "NOR"]
[EventCategory "10"]
[Source "Mark Crowther"]
[SourceDate "2006.04.24"]

1. d4 d5 2. c4 c6 3. Nc3 Nf6 4. e3 Bf5 5. Nf3 e6 6. Be2 h6 7. O-O Nbd7 8. b3
Bd6 9. Bb2 Ne4 10. Bd3 Qf6 11. cxd5 Nxc3 12. Bxc3 exd5 13. b4 O-O 14. a4 Rac8
15. Bxf5 Qxf5 16. Qb1 Qh5 17. b5 Rfe8 18. Bb4 Bb8 19. Qd1 Nf6 20. h3 Qf5 21.
Qb1 Ne4 22. Nd2 Re6 23. Nxe4 dxe4 24. f3 Rg6 25. Qxe4 Qxh3 26. f4 f5 27. Qf3
Qxf3 28. Rxf3 cxb5 29. axb5 Rc4 30. Rb1 Kf7 31. Rff1 Ke6 32. Rfc1 Kd5 33. Bc5
Ra4 34. Rb2 Re6 35. Kf2 Re8 36. Bb4 Bd6 37. Bxd6 Kxd6 38. Rc5 g6 39. b6 a6 40.
Rc7 Ra3 41. Rxb7 Rexe3 42. Rg7 Reb3 43. Rxg6+ Kd5 44. Re2 Kxd4 45. Re5 Rb2+ 46.
Kg1 Rab3 47. Rd6+ Kc4 48. Rc6+ Kd4 49. Rd6+ Kc4 50. Rc6+ 1/2-1/2

[Event "Classics GMA"]
[Site "Gausdal NOR"]
[Date "2006.04.26"]
[Round "4"]
[White "Dworakowska, Joanna"]
[Black "Porper, Edward"]
[Result "0-1"]
[WhiteElo "2364"]
[BlackElo "2469"]
[PlyCount "112"]
[EventDate "2006.04.23"]
[EventType "tourn"]
[EventRounds "9"]
[EventCountry "NOR"]
[EventCategory "10"]
[Source "Mark Crowther"]
[SourceDate "2006.05.01"]

1. e4 e6 2. d4 d5 3. Nc3 Bb4 4. e5 c5 5. a3 Bxc3+ 6. bxc3 Ne7 7. Qg4 O-O 8. Bd3
Nbc6 9. Qh5 Ng6 10. Nf3 Nce7 11. dxc5 b6 12. c6 Qc7 13. O-O f5 14. Re1 Qxc6 15.
Bd2 Qe8 16. Nd4 Bd7 17. f4 Rc8 18. Qe2 Rc5 19. Rf1 Qc8 20. Rf3 Ra5 21. Kh1 Ra4
22. Rh3 Rf7 23. Rg1 Qc5 24. g4 Rxd4 25. cxd4 Qxd4 26. gxf5 Nxf5 27. Qh5 Nf8 28.
Qf3 a5 29. Rh5 Bc6 30. h3 Qc5 31. Bc1 Ng6 32. Kh2 d4 33. Qg4 Qd5 34. Rxf5 exf5
35. Bxf5 Nxe5 36. fxe5 Qxe5+ 37. Bf4 Qxf5 38. Qxf5 Rxf5 39. Bc7 Rf2+ 40. Kg3
Rxc2 41. Bxb6 Rc3+ 42. Kf4 Rxh3 43. Bxd4 Rf3+ 44. Ke5 Rf6 45. Bc3 a4 46. Kd4
Rf5 47. Kc4 g5 48. Re1 Kf7 49. Re5 Rxe5 50. Bxe5 Ke6 51. Kd4 Kf5 52. Bc7 Kg4
53. Ke3 Kh3 54. Bd8 g4 55. Kf4 g3 56. Bb6 Kh2 0-1

[Event "Classics GMA"]
[Site "Gausdal NOR"]
[Date "2006.04.27"]
[Round "5"]
[White "Porper, Edward"]
[Black "Rozentalis, Eduardas"]
[Result "1/2-1/2"]
[WhiteElo "2469"]
[BlackElo "2596"]
[PlyCount "20"]
[EventDate "2006.04.23"]
[EventType "tourn"]
[EventRounds "9"]
[EventCountry "NOR"]
[EventCategory "10"]
[Source "Mark Crowther"]
[SourceDate "2006.05.01"]

1. d4 Nf6 2. c4 e6 3. Nf3 b6 4. Nc3 Bb7 5. Bg5 h6 6. Bh4 Be7 7. e3 Ne4 8. Bxe7
Qxe7 9. Nxe4 Bxe4 10. Bd3 Bxd3 1/2-1/2

[Event "Classics GMA"]
[Site "Gausdal NOR"]
[Date "2006.04.28"]
[Round "6"]
[White "Kulaots, Kaido"]
[Black "Porper, Edward"]
[Result "1-0"]
[WhiteElo "2557"]
[BlackElo "2469"]
[PlyCount "45"]
[EventDate "2006.04.23"]
[EventType "tourn"]
[EventRounds "9"]
[EventCountry "NOR"]
[EventCategory "10"]
[Source "Mark Crowther"]
[SourceDate "2006.05.01"]

1. e4 e6 2. d4 d5 3. Nc3 Bb4 4. e5 c5 5. a3 Bxc3+ 6. bxc3 Ne7 7. Qg4 O-O 8. Bd3
Nbc6 9. Qh5 Ng6 10. Nf3 Nce7 11. dxc5 b6 12. c6 Qc7 13. O-O f5 14. exf6 gxf6
15. c4 dxc4 16. Bxc4 Qxc6 17. Bb3 Kh8 18. Re1 Nf5 19. Bb2 e5 20. Rxe5 Ng7 21.
Qh6 Nf5 22. Bd5 Qxc2 23. Re8 1-0

[Event "Classics GMA"]
[Site "Gausdal NOR"]
[Date "2006.04.29"]
[Round "7"]
[White "Porper, Edward"]
[Black "Moskow, Eric"]
[Result "1-0"]
[WhiteElo "2469"]
[BlackElo "2268"]
[PlyCount "75"]
[EventDate "2006.04.23"]
[EventType "tourn"]
[EventRounds "9"]
[EventCountry "NOR"]
[EventCategory "10"]
[Source "Mark Crowther"]
[SourceDate "2006.05.01"]

1. d4 e6 2. c4 Nf6 3. Nc3 c5 4. d5 exd5 5. cxd5 d6 6. h3 a6 7. e4 b5 8. a3 Qe7
9. Bd3 Bb7 10. Nf3 Nbd7 11. O-O g6 12. Re1 Bg7 13. Bf4 Nh5 14. Bg5 f6 15. Be3
Bf8 16. b4 Rc8 17. bxc5 Nxc5 18. Be2 Ng7 19. Nd4 h5 20. Rb1 Kf7 21. Bf3 Nd7 22.
Nc6 Bxc6 23. dxc6 Ne5 24. Nd5 Qe8 25. c7 Ne6 26. Rc1 Nc4 27. Bd4 Nxd4 28. Qxd4
Qe5 29. Rxc4 bxc4 30. Qxc4 Qe6 31. Qxa6 Bh6 32. Qb7 Rhe8 33. Bd1 Kg7 34. Ba4
Rf8 35. Nb6 Bd2 36. Rb1 Qa2 37. Nxc8 Rxc8 38. Rd1 1-0

[Event "Classics GMA"]
[Site "Gausdal NOR"]
[Date "2006.04.01"]
[Round "9"]
[White "Porper, Edward"]
[Black "Bromberger, Stefan"]
[Result "0-1"]
[WhiteElo "2469"]
[BlackElo "2481"]
[PlyCount "134"]
[EventDate "2006.04.23"]
[EventType "tourn"]
[EventRounds "9"]
[EventCountry "NOR"]
[EventCategory "10"]
[Source "Mark Crowther"]
[SourceDate "2006.05.01"]

1. d4 Nf6 2. c4 g6 3. Nc3 Bg7 4. e4 d6 5. Be2 O-O 6. Nf3 e5 7. d5 Na6 8. Bg5 h6
9. Bh4 g5 10. Bg3 Nxe4 11. Nxe4 f5 12. Nfd2 fxe4 13. Nxe4 Bf5 14. f3 g4 15. O-O
Qe8 16. Bd3 Bxe4 17. Bxe4 Nc5 18. Qc2 Nxe4 19. fxe4 Qg6 20. Rae1 h5 21. Bh4 Bf6
22. Bxf6 Rxf6 23. Rxf6 Qxf6 24. Rf1 Qh6 25. Qc1 Qxc1 26. Rxc1 Rf8 27. c5 h4 28.
b4 Rf4 29. cxd6 cxd6 30. Rc8+ Kf7 31. Rc4 b5 32. Rc7+ Kf6 33. Rxa7 Rxe4 34. Rd7
Rxb4 35. Rxd6+ Kf5 36. Ra6 Rd4 37. d6 Ke6 38. Rb6 b4 39. Kf1 Rc4 40. Kf2 Rc2+
41. Ke3 Rxa2 42. Rxb4 Rxg2 43. h3 Rg3+ 44. Kf2 Rf3+ 45. Kg2 Rg3+ 46. Kf2 Rxh3
47. Rxg4 Kxd6 48. Ra4 Kd5 49. Ra5+ Ke4 50. Ra4+ Kf5 51. Ra8 Rb3 52. Rf8+ Ke4
53. Rh8 Rb2+ 54. Kg1 Kf3 55. Rxh4 Rb1+ 56. Kh2 e4 57. Rh8 e3 58. Rf8+ Ke2 59.
Kg3 Rg1+ 60. Kh2 Rg7 61. Re8 Kf2 62. Rf8+ Ke1 63. Re8 e2 64. Kh3 Rg5 65. Kh4
Rg1 66. Kh3 Kd2 67. Rd8+ Kc3 0-1

[Event "MTO"]
[Site "Biel SUI"]
[Date "2004.07.20"]
[Round "2"]
[White "Porper, Edward"]
[Black "Balenovic, Zvonimir"]
[Result "1/2-1/2"]
[WhiteElo "2455"]
[BlackElo "2227"]
[PlyCount "71"]
[EventDate "2004.07.19"]
[EventType "swiss"]
[EventRounds "11"]
[EventCountry "SUI"]
[Source "Mark Crowther"]
[SourceDate "2004.08.02"]

1. d4 Nf6 2. Nf3 g6 3. c4 Bg7 4. Nc3 O-O 5. e4 d6 6. Be2 e5 7. d5 a5 8. Bg5 h6
9. Bh4 Na6 10. Nd2 Qe8 11. a3 Bd7 12. b3 Nh7 13. O-O h5 14. f3 Bh6 15. Rb1 Be3+
16. Bf2 Bc5 17. Bxc5 dxc5 18. Rf2 Qe7 19. Nf1 Be8 20. Qd2 Nb8 21. Nb5 Bxb5 22.
cxb5 Nd7 23. Ne3 Nb6 24. a4 Nf6 25. Rc1 Ne8 26. Qc3 Nd7 27. Nc4 b6 28. f4 Nd6
29. Nxd6 cxd6 30. f5 Qg5 31. Re1 Nf6 32. Bd1 Kg7 33. Qh3 Rad8 34. Re3 Qh6 35.
Qg3 g5 36. h4 1/2-1/2

[Event "MTO"]
[Site "Biel SUI"]
[Date "2004.07.21"]
[Round "3"]
[White "Valenti, Giuseppe"]
[Black "Porper, Edward"]
[Result "0-1"]
[WhiteElo "2288"]
[BlackElo "2455"]
[PlyCount "40"]
[EventDate "2004.07.19"]
[EventType "swiss"]
[EventRounds "11"]
[EventCountry "SUI"]
[Source "Mark Crowther"]
[SourceDate "2004.08.02"]

1. e4 c5 2. Nf3 Nc6 3. d4 cxd4 4. Nxd4 Qc7 5. Nc3 e6 6. g3 a6 7. Bg2 Nf6 8. O-O
Be7 9. Re1 d6 10. Nxc6 bxc6 11. e5 dxe5 12. Rxe5 O-O 13. Bf4 Qb7 14. Rb1 Rd8
15. Qe2 Bd6 16. Rd1 Nd5 17. Rexd5 cxd5 18. Nxd5 exd5 19. Bxd5 Qe7 20. Qf3 Rb8
0-1

[Event "MTO"]
[Site "Biel SUI"]
[Date "2004.07.22"]
[Round "4"]
[White "Porper, Edward"]
[Black "Zenklusen, Rico"]
[Result "1-0"]
[WhiteElo "2455"]
[BlackElo "2306"]
[PlyCount "73"]
[EventDate "2004.07.19"]
[EventType "swiss"]
[EventRounds "11"]
[EventCountry "SUI"]
[Source "Mark Crowther"]
[SourceDate "2004.08.02"]

1. d4 Nf6 2. Nf3 e6 3. c4 b6 4. Nc3 Bb7 5. Bg5 h6 6. Bh4 g5 7. Bg3 Nh5 8. Be5
f6 9. Qc2 Bxf3 10. exf3 fxe5 11. Qg6+ Ke7 12. Qxh5 exd4 13. Ne4 Qe8 14. Qg4 Qg6
15. h4 Bg7 16. hxg5 hxg5 17. Rxh8 Bxh8 18. Qg3 d6 19. Bd3 Be5 20. Qxg5+ Qxg5
21. Nxg5 Nd7 22. g3 d5 23. Kd2 Bf6 24. f4 Bxg5 25. fxg5 dxc4 26. Bxc4 Ne5 27.
Be2 d3 28. Bh5 Rh8 29. Rh1 c5 30. b3 b5 31. f4 Ng4 32. Rh4 Nf2 33. Ke3 d2 34.
Kxf2 Rxh5 35. Ke2 Rxh4 36. gxh4 Kf7 37. h5 1-0

[Event "MTO"]
[Site "Biel SUI"]
[Date "2004.07.25"]
[Round "6"]
[White "Porper, Edward"]
[Black "Efimenko, Zahar"]
[Result "1/2-1/2"]
[WhiteElo "2455"]
[BlackElo "2572"]
[PlyCount "69"]
[EventDate "2004.07.19"]
[EventType "swiss"]
[EventRounds "11"]
[EventCountry "SUI"]
[Source "Mark Crowther"]
[SourceDate "2004.08.02"]

1. d4 Nf6 2. Nf3 g6 3. c4 Bg7 4. Nc3 d6 5. e4 O-O 6. Be2 Na6 7. O-O e5 8. Re1
Qe8 9. Bf1 Bg4 10. d5 Nb4 11. Be2 a5 12. g3 Kh8 13. Be3 b6 14. Rb1 Na6 15. Nh4
Bd7 16. b3 Ng8 17. Qd2 Nc5 18. Qc2 f5 19. exf5 gxf5 20. f4 Nf6 21. Bf3 Ng4 22.
Bxc5 bxc5 23. Bxg4 fxg4 24. Ne4 Qh5 25. f5 Bf6 26. Nxf6 Rxf6 27. Rf1 Raf8 28.
Qc3 Qg5 29. Rf2 Ra8 30. Rbf1 Kg7 31. Qd3 Raf8 32. Qe4 Kh6 33. Kh1 Kg7 34. Kg1
Kh6 35. Kh1 1/2-1/2

[Event "MTO"]
[Site "Biel SUI"]
[Date "2004.07.26"]
[Round "7"]
[White "Riazantsev, Alexander"]
[Black "Porper, Edward"]
[Result "1/2-1/2"]
[WhiteElo "2573"]
[BlackElo "2455"]
[PlyCount "71"]
[EventDate "2004.07.19"]
[EventType "swiss"]
[EventRounds "11"]
[EventCountry "SUI"]
[Source "Mark Crowther"]
[SourceDate "2004.08.02"]

1. d4 d5 2. c4 c6 3. Nf3 e6 4. Bg5 Be7 5. Bxe7 Qxe7 6. e3 Nf6 7. Nc3 O-O 8. Qc2
b6 9. Bd3 dxc4 10. Bxc4 c5 11. O-O Bb7 12. Qe2 Nc6 13. dxc5 Qxc5 14. Ba6 Bxa6
15. Qxa6 Nb4 16. Qe2 Rfd8 17. a3 Nd3 18. Rfd1 Ne5 19. Nxe5 Qxe5 20. h3 h6 21.
Rac1 g5 22. Qb5 Rxd1+ 23. Rxd1 Qxb5 24. Nxb5 Kf8 25. Rc1 Ne8 26. Kf1 Ke7 27.
Ke2 Kd7 28. Rd1+ Ke7 29. Rc1 Kd7 30. Rc4 a6 31. Rd4+ Kc6 32. Nc3 Nd6 33. Ne4
Nxe4 34. Rxe4 Rd8 35. Rc4+ Kb7 36. h4 1/2-1/2

[Event "MTO"]
[Site "Biel SUI"]
[Date "2004.07.27"]
[Round "8"]
[White "Porper, Edward"]
[Black "Kosyrev, Vladimir"]
[Result "1/2-1/2"]
[WhiteElo "2455"]
[BlackElo "2550"]
[PlyCount "59"]
[EventDate "2004.07.19"]
[EventType "swiss"]
[EventRounds "11"]
[EventCountry "SUI"]
[Source "Mark Crowther"]
[SourceDate "2004.08.02"]

1. c4 e6 2. d4 Nf6 3. Nf3 d5 4. Nc3 dxc4 5. e4 Bb4 6. Bg5 c5 7. e5 cxd4 8. Nxd4
Qa5 9. exf6 Bxc3+ 10. bxc3 Qxg5 11. fxg7 Qxg7 12. Qd2 O-O 13. Bxc4 Rd8 14. Qe3
Bd7 15. h4 Nc6 16. Rh3 Qe5 17. O-O-O Qxe3+ 18. Rxe3 Kf8 19. Bb3 Nxd4 20. Rxd4
Bc6 21. Rg4 h6 22. Reg3 Ke7 23. Bc2 Rac8 24. Rg7 Kf6 25. Rh7 Rh8 26. Rxh8 Rxh8
27. Rg4 Rd8 28. Rf4+ Ke7 29. g4 Rd5 30. Rc4 1/2-1/2

[Event "MTO"]
[Site "Biel SUI"]
[Date "2004.07.28"]
[Round "9"]
[White "Cvitan, Ognjen"]
[Black "Porper, Edward"]
[Result "1/2-1/2"]
[WhiteElo "2527"]
[BlackElo "2455"]
[PlyCount "144"]
[EventDate "2004.07.19"]
[EventType "swiss"]
[EventRounds "11"]
[EventCountry "SUI"]
[Source "Mark Crowther"]
[SourceDate "2004.08.02"]

1. c4 e6 2. d4 d5 3. Nc3 c6 4. e3 f5 5. Bd3 Nf6 6. Qc2 Bd6 7. cxd5 cxd5 8. Nb5
Nc6 9. Nxd6+ Qxd6 10. Bd2 Bd7 11. Nf3 O-O 12. O-O Rfc8 13. Qb3 Ne4 14. Be1 Rc7
15. Nd2 Nf6 16. Nf3 Be8 17. Bc3 Ne4 18. Rfc1 Rac8 19. Bxe4 fxe4 20. Nd2 Bh5 21.
Nf1 Be2 22. Ng3 Ba6 23. Qd1 Rf7 24. Be1 Rcf8 25. a3 Qd7 26. Rc5 Rf6 27. b4 Bd3
28. Rac1 Qf7 29. b5 Ne7 30. Rc7 Rxf2 31. Bxf2 Qxf2+ 32. Kh1 Ng6 33. Qe1 Qb2 34.
Nh5 Bc4 35. Kg1 Rf2 36. Rc8+ Nf8 37. Nf4 Rxf4 38. exf4 Qxd4+ 39. Kh1 e3 40. Qh4
e2 41. Qg4 Qe3 42. Re1 h5 43. Qg3 Qd4 44. Rxc4 Qxc4 45. Qe3 Qxb5 46. Qxe2 Qa5
47. Rb1 Qxa3 48. Qxh5 Qe3 49. Qf3 Qxf3 50. gxf3 b6 51. Rc1 Ng6 52. Rc7 Nxf4 53.
Rxa7 Kh7 54. Rb7 Kg6 55. Kg1 e5 56. Rxb6+ Kf5 57. Kf2 d4 58. Rb7 g6 59. Rb8 Nd5
60. Rf8+ Nf6 61. Ke2 g5 62. Kd3 Kg6 63. Ra8 g4 64. fxg4 Nxg4 65. Ke4 Kf6 66. h4
Nf2+ 67. Kd5 Nd3 68. Rf8+ Kg7 69. Rf1 Kh6 70. Ke4 Nf4 71. Kxe5 Ng6+ 72. Kf6
Nxh4 1/2-1/2

[Event "MTO"]
[Site "Biel SUI"]
[Date "2004.07.29"]
[Round "10"]
[White "Porper, Edward"]
[Black "Tischbierek, Raj"]
[Result "1/2-1/2"]
[WhiteElo "2455"]
[BlackElo "2468"]
[PlyCount "80"]
[EventDate "2004.07.19"]
[EventType "swiss"]
[EventRounds "11"]
[EventCountry "SUI"]
[Source "Mark Crowther"]
[SourceDate "2004.08.02"]

1. d4 d5 2. c4 c6 3. Nf3 Nf6 4. e3 Bg4 5. Nc3 e6 6. h3 Bh5 7. g4 Bg6 8. Ne5
Nbd7 9. h4 dxc4 10. Nxd7 Qxd7 11. h5 Bd3 12. Bxd3 cxd3 13. g5 Nd5 14. Qxd3
O-O-O 15. a3 Be7 16. Rg1 Qc7 17. Ne2 f5 18. gxf6 Nxf6 19. Nf4 Nxh5 20. Nxe6 Qh2
21. Qf1 Rd5 22. Rh1 Qd6 23. Qh3 Qd7 24. e4 Rb5 25. d5 Nf6 26. Nd4 Qxh3 27. Rxh3
Rc5 28. Nf5 Re8 29. Be3 Rc4 30. dxc6 Rxe4 31. cxb7+ Kxb7 32. O-O-O Bf8 33. Kb1
g6 34. Nd6+ Bxd6 35. Rxd6 R8e6 36. Rd3 h5 37. Rb3+ Ka6 38. Ka2 Nd5 39. Bh6 Rf6
40. Rhd3 Nb6 1/2-1/2

[Event "MTO"]
[Site "Biel SUI"]
[Date "2004.07.30"]
[Round "11"]
[White "Rashkovsky, Nukhim"]
[Black "Porper, Edward"]
[Result "1-0"]
[WhiteElo "2511"]
[BlackElo "2455"]
[PlyCount "55"]
[EventDate "2004.07.19"]
[EventType "swiss"]
[EventRounds "11"]
[EventCountry "SUI"]
[Source "Mark Crowther"]
[SourceDate "2004.08.02"]

1. d4 d5 2. Nf3 c6 3. c4 e6 4. Qc2 dxc4 5. Qxc4 Nf6 6. g3 b5 7. Qd3 Bb7 8. Bg2
Nbd7 9. O-O a6 10. a4 c5 11. axb5 axb5 12. Rxa8 Qxa8 13. dxc5 b4 14. Be3 Qa5
15. c6 Bxc6 16. Rc1 Be4 17. Rc8+ Ke7 18. Qd1 Nd5 19. Bg5+ f6 20. Nd4 Kf7 21.
Bxe4 fxg5 22. Nd2 N7b6 23. Rb8 Ne7 24. N2f3 h6 25. Nb3 Qb5 26. Qd8 Qxe2 27.
Qe8+ Kf6 28. Qxf8+ 1-0